Topics in K-theory / (Record no. 54243)
[ view plain ]
| 000 -LEADER | |
|---|---|
| fixed length control field | 00897nam a2200289 a 4500 |
| 001 - CONTROL NUMBER | |
| control field | 54243 |
| 003 - CONTROL NUMBER IDENTIFIER | |
| rucl marc code | BD-RjUL |
| 005 - DATE AND TIME OF LATEST TRANSACTION | |
| control field | 20211209080106.0 |
| 008 - FIXED-LENGTH DATA ELEMENTS--GENERAL INFORMATION | |
| fixed length control field | 161103s1975 nyu b 001 0 eng |
| 020 ## - INTERNATIONAL STANDARD BOOK NUMBER | |
| International Standard Book Number | 0387075364 |
| International Standard Book Number | 3450075364 |
| 035 ## - SYSTEM CONTROL NUMBER | |
| System control number | (BD-RjUL)54365 |
| 040 ## - CATALOGING SOURCE | |
| Original cataloging agency | DLC |
| Transcribing agency | DLC |
| Modifying agency | BD-RjUL |
| Language of cataloging | eng |
| 041 ## - LANGUAGE CODE | |
| Language code of text/sound track or separate title | eng |
| 082 ## - DEWEY DECIMAL CLASSIFICATION NUMBER | |
| Edition number | 23 |
| Classification number | 512.266 |
| Author mark and year | HOT 1975 |
| 100 1# - MAIN ENTRY--PERSONAL NAME | |
| Personal name | Hodgkin, L. |
| 9 (RLIN) | 161900 |
| 245 10 - TITLE STATEMENT | |
| Title | Topics in K-theory / |
| Statement of responsibility, etc. | L. Hodgkin, Victor P Snaith |
| 260 ## - PUBLICATION, DISTRIBUTION, ETC. (IMPRINT) | |
| Place of publication, distribution, etc. | New York : |
| Name of publisher, distributor, etc. | Springer-Verlag, |
| Date of publication, distribution, etc. | 1975. |
| 300 ## - PHYSICAL DESCRIPTION | |
| Pagination | 294 p. : |
| Illustrations | ill.; |
| Size | 25 cm. |
| 490 1# - SERIES STATEMENT | |
| Series statement | Lecture notes in mathematics ; 496 |
| 650 #0 - SUBJECT ADDED ENTRY--TOPICAL TERM | |
| Topical term or geographic name as entry element | Mathematics |
| 9 (RLIN) | 161901 |
| Topical term or geographic name as entry element | Spectral sequences (Mathematics) |
| 9 (RLIN) | 161902 |
| Topical term or geographic name as entry element | Algebra, Homological. |
| 9 (RLIN) | 151953 |
| 700 12 - ADDED ENTRY--PERSONAL NAME | |
| Personal name | Snaith, V. |
| Fuller form of name | (Victor), |
| Dates associated with a name | 1944- |
| 830 #0 - SERIES ADDED ENTRY--UNIFORM TITLE | |
| Uniform title | Lecture notes in mathematics (Springer-Verlag) ; |
| Volume number/sequential designation | 496. |
| 942 ## - ADDED ENTRY ELEMENTS (KOHA) | |
| Source of classification or shelving scheme | Dewey Decimal Classification |
| Koha item type | Books |
| Lost status | Source of classification or shelving scheme | Damaged status | Not for loan | Collection code | Permanent Location | Current Location | Shelving location | Date acquired | Source of acquisition | Cost, normal purchase price | Total Checkouts | Full call number | Date last seen | Copy number | Koha item type |
|---|---|---|---|---|---|---|---|---|---|---|---|---|---|---|---|
| Dewey Decimal Classification | Non-fiction | Central Library, University of Rajshahi | Central Library, University of Rajshahi | 02/08/1982 | Helfer | 7.15 | 512.266 HOT 1975 | 03/11/2016 | C-2 | Books | |||||
| Dewey Decimal Classification | Not For Loan | Non-fiction | Central Library, University of Rajshahi | Central Library, University of Rajshahi | Reading Room | 02/01/1982 | Heffors | 7.15 | 512.266 HOT 1975 | 16/04/2017 | C-1 | Books |